000
003190000a22001450004500
003
MACL
040
_a
MACL
090
_c
31799
_d
31797
100
_a
Cadenhead, Rogers
245
_a
Java 2
_b
in 24 Hours
260
_b
Sama Techmedia
_c
2001
350
_a
180
650
_a
Computer probraming
942
_c
BOOK
_k
005.133/Cad
999
_c
31479
_d
31479